000 00463nam a22001697a 4500
005 20140311163044.0
008 140108b xxu||||| |||| 00| 0 eng d
020 _a0201522624
050 _aQH 308.2
_b.C34 1999
100 _aCampbell, Neil A.
245 _aBiology /
_cNeil A. Campbell.
260 _aMenlo Park, California :
_bAddison-Wesley,
_c1999.
300 _a1175 p. :
_bill. ;
_c28 cm.
650 _aBiology
942 _2lcc
_cBK
_kFOR
999 _c39801
_d39801